| 000 | 01271nam a22002177a 4500 | ||
|---|---|---|---|
| 999 |
_c58775 _d58775 |
||
| 005 | 20220721143610.0 | ||
| 008 | 220721s2019en xxu||||| |||| 00| 0 eng d | ||
| 020 | _a9789941266577 | ||
| 041 | _ageo | ||
| 080 | _a342.731(479.222.5)+21/28(479.22) IV-98 | ||
| 100 |
_aIvelashvili, Tina _914461 |
||
| 245 |
_aReligious minorities in Samtskhe-Javakheti : _b[Monograph] / _c Tina Ivelashvil , Edi. Liana Melikishvili . |
||
| 264 |
_aTbilisi : _bUniversal, _c2019. |
||
| 300 |
_a308 p. ; _b20 cm. |
||
| 505 | _gბიბლიოგრაფია ტექსტის შენიშვნებში და გვ. 303-308 | ||
| 600 | _2პროექტი განხორციელდა სსიპ შოთა რუსთაველის ეროვნულ სამეცნიერო ფონდში მოპოვებული გრანტის დაფინანსებით. | ||
| 653 | _aრელიგიური უმცირესობები -- საქართველო. რელიგიური ტოლერანტობა -- საქართველო. | ||
| 700 |
_aMelikishvili, Liana _e Editor _914462 |
||
| 710 |
_aShota Rustaveli National Science Foundation. _914463 |
||
| 942 |
_2udc _cBK |
||